000 00819nam a22003137a 4500
003 OSt
005 20140331095033.0
008 140331b xxu||||| |||| 00| 0 eng d
020 _a9780590999373
050 _aLB 1049.9
_b.L443s62 1997
100 _aLeber, Nancy.
245 _aRoot for the team :
_ba story about soccer coach Daniel Prenat /
_cNancy Leber.
260 _aUSA :
_bScholastic Inc.,
_cc1997.
300 _a15 p. :
_bcol. ill. ;
_c14 cm.
521 _aG1
526 _c200
650 _aReaders (Primary)
650 _aReading
_xPhonetic method.
650 _aPrenat, Daniel
_xJuvenile literature.
942 _2lcc
_cBK
999 _c48795
_d48795